MDQL
is popping MORE tags! Check the
thread
!
Quizzes
Events
Quiz Creation
Community
Videos
Private Events
Remove Ads
Sign In
Join for FREE
Feedback
Dark Mode
Quiz Categories
Sports
Geography
Music
Movies
Television
Just For Fun
Miscellaneous
History
Literature
Language
Science
Gaming
Entertainment
Religion
Holiday
For Kids
Quiz Lab
Recent
Popular Today
Quiz Kudos Today
Editor Picks
Curator Picks
Quizzes by...
Day
Popularity
Type
Ratings
Length
Year
Community
Subscriptions
Recent Discussions
Orange Saloon
Badges
Playlists
Quests
Create
Leaderboards
Showdown
Live 5
Trivia Bingo
Activity
Puzzle Library
Sporcle Events
Private Events
Virtual Trivia
Globe League
Become a Host
Pub Owners
SporcleCon
Opinionation
Our Games
Videos
Blog
Mobile Apps
Partnerships
Remove Ads and Go Orange
Feedback
Music
Pop Music
The Beatles
Song
Album
Lyrics
Bands
Singers
Artist
Clip
Rock
Rap
Classical
Billboard
Country Music
Kpop
Taylor Swift
Music
Pop Music
The Beatles
Song
Album
Lyrics
Bands
Singers
Artist
Clip
Rock
Rap
Classical
Billboard
Country Music
Kpop
Taylor Swift
Random Quiz
Search Sporcle
×
Quiz Lab
Quiz Lab
Music
Song
Type in answers that appear in a list
Type in answers that appear in a list
Classic
Best Score? Go Orange.
Musicians' stage names Stats
Can you name the Musicians' stage names?
By
Beano73
6m
22 Questions
52 Plays
52 Plays
52 Plays
Comments
Comments
Give Quiz Kudos
Give Quiz Kudos
-
- Ratings
hide this ad
Random Order
Randomize order of answers
Randomize order of answers
Replay
Link that replays current quiz
Next Quiz
Link to next quiz in quiz playlist
You Got
0%
They Got
Avg Score
37%
Avg Friend Score
Upgrade to see
Score Distribution
Jump to the score distribution portion of the page
Score
0/22
Timer
06:00
0
Plays Today
Birth Name
Stage Name
% Correct
Sean Coombs
Puff Daddy
80.8%
Cherilyn Sarkasian LaPierre
Cher
63.5%
Saul Hudson
Slash
63.5%
Michael Bolotin
Michael Bolton
57.7%
David Evans
The Edge
57.7%
Declan McManus
Elvis Costello
53.8%
David Robert Jones
David Bowie
51.9%
Stuart Leslie Goddard
Adam Ant
46.2%
Noah Kaminsky
Neil Diamond
42.3%
Vincent Furnier
Alice Cooper
40.4%
Christopher Davidson
Chris DeBurgh
40.4%
Birth Name
Stage Name
% Correct
George Ivan Morrison
Van Morrison
40.4%
Ron Belford
Bon Scott
34.6%
Thomas Darnell August Browder
Kid Creole
23.1%
John Ritchie
Sid Vicious
23.1%
Elaine Bookbinder
Elkie Brooks
19.2%
Tracy Morrow
Ice T
19.2%
Adam Tinley
Adamski
17.3%
Michael Diamond
Mike D
17.3%
Clifford Price
Goldie
13.5%
Arnold George Dorsey
Englebert Humperdinck
13.5%
Doug Trendle
Buster Bloodvessel
9.6%
Quiz Playlist
Details
Report
Send in Message
Add To Playlist
Classic:
Type in answers that appear in a list
Random Order:
Randomize order of answers
Last Updated: Feb 16, 2017
Quiz Scoreboard
CHALLENGE
Sign Up to Join the Scoreboard
Show All
Scores
Hide
Comments
May contain spoilers
Recently Published
5x2 Blitz: Bands
by SL_Kpop136
Music
30s
Colored Red Africa Blitz
by spor1
Geography
30s
Find the 'City' Movie
by crazypaving
Movies
60s
More to Explore
Quiz From the Vault
Featured Blog Post
14 Easter Pick-up Lines to Find Eggs With
hide this ad
You Might Also Like...
Tags
Song Quiz
birth
Musician
Notable
stage
Today's Top Quizzes in Music
Browse Music
hide this ad
Today's Top Quizzes in Song
Browse Song
Top Contributed Quizzes in Music
1
5X2 Blitz: Bands II
2
Taylor Swift All Songs (2024)
3
Taylor Swift Logic Puzzle II
4
5X2 Blitz: The Beatles
5
5X2 Blitz: Billboard
6
Taylor Swift Logic Puzzle
7
5X2 Blitz: Billboard II
8
5X2 Blitz: Album
9
5X2 Blitz: Singers
10
Music Artist by Three 2010s hits
Explore More
Trending Topics
NBA
Disney
Crossword
Kpop
Harry Potter
Anime
Marvel
Puzzle
Pokémon
NFL
Song
Country
WWE
The Office
Soccer
hide this ad
More By:
Beano73
Quiz
Plays
Rating
Category
Featured
Created
West Ham 1980's players
986
4.00
Sports
Feb 6, 2011
'F' UK #1S
911
4.50
Music
Jun 16, 2011
Friday Night Dinner - Mega Quiz
433
Television
Apr 4, 2020
Fawlty Towers characters
402
4.33
Television
Feb 7, 2011
P Countries & Capitals
398
4.42
Geography
Mar 31, 2011
Go to Creator's Profile
Score Distribution
Quiz Creator Spotlight
Beano73
Follow
Send a Message
Quizzes Created
-
Created Quiz Play Count
-
More By This Creator
Popular Quizzes Today
1
Find the 'City' Movie
2
Colored Red Africa Blitz
3
Find the US States - No Outlines Minefield
4
5x2 Blitz: Bands
5
The Countries of the World
6
Find the US States
7
US States
8
9x9 Crossword: Cartoon Network
More Music Quizzes
'A Horse with No Name' Lyrics
Editor's Pick
Trending Quizzes
Colored Red Europe Blitz I
Colored Red Africa Blitz II
Colored Red Europe Blitz II
Colored Red Africa Blitz III
Colored Red Europe Blitz III
Recently Updated
Famous TV Couples
Peacemaker
Champions League XIs: Real Madrid
pecheneg
Largest US Cities 1790-2010
pecheneg
Rides in Walt Disney World
pecheneg
Most Oscar Losses (Acting)
pecheneg
Beyoncé Albums
pecheneg
Leaping Animals
pecheneg
Reality TV Shows (A-Z)
bhenderson79
Rickey Henderson's Hall of Fame Teammates
pecheneg
Champions League XIs: Arsenal
pecheneg
Trending Topics
Harry Potter
Marvel
Disney
Anime
NBA
Kpop
Crossword
Country
Song
Soccer
Pokémon
NFL
The Office
WWE
Puzzle
Your Account Isn't Verified!
In order to create a playlist on Sporcle, you need to verify the email address you used during registration. Go to your
Sporcle Settings
to finish the process.
Report this User
Report this user for behavior that violates our
Community Guidelines
.
Details:
Send Report
Go to the Sporcle.com Mobile Site →
Comments